|
|
|
|
| LEADER |
00000cam a2200000 a 4500 |
| 001 |
vtls009154663 |
| 003 |
SK-MaSNL |
| 005 |
20260301170529.0 |
| 008 |
240318s2007 xr oab g he 000 0dcze |
| 020 |
|
|
|a 9788072773060
|q (brož.)
|
| 040 |
|
|
|a SNK
|b slo
|c SNK
|e AACR2
|
| 041 |
0 |
|
|a cze
|
| 043 |
|
|
|a f-ua---
|
| 044 |
|
|
|a xr
|c CZ
|
| 072 |
|
7 |
|a 94(3)
|x Dejiny krajín starovekého sveta
|2 konspekt
|
| 080 |
|
|
|a 316.72/.75
|2 2001
|
| 080 |
|
|
|a 80(=412)+908(32)
|2 2001
|
| 080 |
|
|
|a 94(32)
|2 2001
|
| 080 |
|
|
|a (32)
|2 2001
|
| 080 |
|
|
|a (031)
|2 2001
|
| 100 |
1 |
|
|a Verner, Miroslav,
|d 1941-
|4 aut
|9 111823
|
| 245 |
1 |
0 |
|a Encyklopedie starověkého Egypta
|c Miroslav Verner, Ladislav Bareš, Břetislav Vachala
|
| 250 |
|
|
|a 1. vyd.
|
| 260 |
|
|
|a Praha
|b Libri
|c 2007
|
| 300 |
|
|
|a 527 s.
|b fotogr., ilustr., mp.
|c 21 cm
|
| 366 |
|
|
|e 1800 výt.
|
| 500 |
|
|
|a Chronologický prehľad
|
| 504 |
|
|
|a Obsahuje bibliogr.
|
| 650 |
0 |
7 |
|a kultúra a spoločnosť
|2 SNKPH
|9 4083
|
| 650 |
0 |
7 |
|a egyptológia
|2 SNKPH
|9 23606
|
| 650 |
0 |
7 |
|a Culture and society
|2 SNKPHeng
|9 265089
|
| 650 |
0 |
7 |
|a Egyptology
|2 SNKPHeng
|9 382318
|
| 651 |
|
7 |
|a staroveký Egypt
|2 SNKPH
|9 68598
|
| 651 |
|
7 |
|a Egypt
|x History
|2 SNKPHeng
|9 91044
|
| 655 |
|
7 |
|a encyklopédie
|2 SNKPH
|9 28776
|
| 655 |
|
7 |
|a Encyclopedias
|2 SNKPHeng
|9 90422
|
| 700 |
1 |
|
|a Bareš, Ladislav,
|d 1952-
|4 aut
|9 111824
|
| 700 |
1 |
|
|a Vachala, Břetislav,
|d 1952-2020
|4 aut
|9 207219
|
| 919 |
|
|
|a 978-80-7277-306-0
|
| 999 |
|
|
|c 827913
|d 829843
|
| 952 |
|
|
|t snkVER 94(32)
|a SNKUST
|b SNKUST
|y PREZ
|7 0
|p 17A0567881
|o snkIC 135786
|i snk2007/25814
|8 4
|g 22.90
|0 0
|1 0
|4 0
|d 2007-11-15
|l 0
|r 2025-04-30 00:00:00
|w 2026-02-24
|